Early childhood special education, 0 to 8 years : (Record no. 1169)
[ view plain ]
| 000 -LEADER | |
|---|---|
| fixed length control field | 01233cam a2200361 a 4500 |
| 003 - CONTROL NUMBER IDENTIFIER | |
| control field | CaAEU |
| 005 - DATE AND TIME OF LATEST TRANSACTION | |
| control field | 20210624075956.0 |
| 008 - FIXED-LENGTH DATA ELEMENTS--GENERAL INFORMATION | |
| fixed length control field | 080102s2009 njua 001 0 eng |
| 020 ## - INTERNATIONAL STANDARD BOOK NUMBER | |
| International Standard Book Number | 9780131745988 |
| 020 ## - INTERNATIONAL STANDARD BOOK NUMBER | |
| International Standard Book Number | 0131745980 |
| 040 ## - CATALOGING SOURCE | |
| Transcribing agency | DLC |
| 043 ## - GEOGRAPHIC AREA CODE | |
| Geographic area code | n-us--- |
| 049 ## - LOCAL HOLDINGS (OCLC) | |
| Holding library | UABA |
| 050 00 - LIBRARY OF CONGRESS CALL NUMBER | |
| Classification number | LC4019.3 |
| Item number | .R38 2009 |
| 090 ## - LOCALLY ASSIGNED LC-TYPE CALL NUMBER (OCLC); LOCAL CALL NUMBER (RLIN) | |
| Classification number (OCLC) (R) ; Classification number, CALL (RLIN) (NR) | LC 4019.3 R38 2009 |
| Local cutter number (OCLC) ; Book number/undivided call number, CALL (RLIN) | AEU |
| 090 ## - LOCALLY ASSIGNED LC-TYPE CALL NUMBER (OCLC); LOCAL CALL NUMBER (RLIN) | |
| Classification number (OCLC) (R) ; Classification number, CALL (RLIN) (NR) | LC4019.3 .R38 2009 |
| Local cutter number (OCLC) ; Book number/undivided call number, CALL (RLIN) | AEGMCT |
| 100 1# - MAIN ENTRY--PERSONAL NAME | |
| Personal name | Raver, Sharon A. |
| 245 10 - TITLE STATEMENT | |
| Title | Early childhood special education, 0 to 8 years : |
| Remainder of title | strategies for positive outcomes / |
| Statement of responsibility, etc. | Sharon A. Raver. |
| 260 ## - PUBLICATION, DISTRIBUTION, ETC. | |
| Place of publication, distribution, etc. | Upper Saddle River, N.J. : |
| Name of publisher, distributor, etc. | Merill/Pearson, |
| Date of publication, distribution, etc. | c2009. |
| 300 ## - PHYSICAL DESCRIPTION | |
| Extent | xvi, 368 p. : |
| Other physical details | ill. ; |
| Dimensions | 24 cm. |
| 336 ## - CONTENT TYPE | |
| Content type term | text |
| Content type code | txt |
| Source | rdacontent |
| 337 ## - MEDIA TYPE | |
| Media type term | unmediated |
| Media type code | n |
| Source | rdamedia |
| 338 ## - CARRIER TYPE | |
| Carrier type term | volume |
| Carrier type code | nc |
| Source | rdacarrier |
| 500 ## - GENERAL NOTE | |
| General note | Includes indexes. |
| 650 #0 - SUBJECT ADDED ENTRY--TOPICAL TERM | |
| Topical term or geographic name entry element | Children with disabilities |
| General subdivision | Education (Early childhood) |
| Geographic subdivision | United States. |
| 856 41 - ELECTRONIC LOCATION AND ACCESS | |
| Uniform Resource Identifier | http://www.loc.gov/catdir/toc/ecip087/2007052965.html |
| 942 ## - ADDED ENTRY ELEMENTS (KOHA) | |
| Source of classification or shelving scheme | |
| Koha item type | Book |
| Suppress in OPAC | SO |
| 949 ## - LOCAL PROCESSING INFORMATION (OCLC) | |
| a | LC 4019.3 R38 2009 |
| c | 1 |
| h | UAED-B |
| i | 0162027354032 |
| Withdrawn status | Lost status | Source of classification or shelving scheme | Damaged status | Not for loan | Permanent Location | Current Location | Shelving location | Date acquired | Total Checkouts | Full call number | Barcode | Date last seen | Price effective from | Koha item type | Public note |
|---|---|---|---|---|---|---|---|---|---|---|---|---|---|---|---|
| AU LIBRARY | AU LIBRARY | Open Shelf | 24.06.2021 | LC4019.3 .R38 2009 | 28002868 | 24.06.2021 | 24.06.2021 | Book | SO |